| 000 | 01054nam a2200217Ia 4500 | ||
|---|---|---|---|
| 003 | IN-BaIIA | ||
| 008 | 211028s9999 xx 000 0 eng d | ||
| 020 | _a90-277-0800-2 | ||
| 040 | _cIIA Library | ||
| 080 |
_a621.391(082.1) _bASP-1 |
||
| 111 |
_aNATO Advanced Study institute on Astronomical Society of the Pacificects of Signal Processing with Emphasiss on Underwater Acoustics pt 1 _cPortovenere, La Spezia, Italy _d1976 Aug 30-Sep 11 _99780 |
||
| 245 | 0 |
_aAspects of Signal processing _bproceedings of the NATO Advanced Study institute on Aspects of Signal processing with Emphasiss on Underwater Acoustics, pt. 1, held in Portovenere, La Spezia, Italy 30 August–11 Sept.ember 1976 _cedited by G. Tacconi |
|
| 260 |
_aDordrecht _bD. Reidel Publishing _c1977 |
||
| 300 | _a[various pagings.] | ||
| 650 | _aNASA thesaurus | ||
| 650 |
_aSignal processing _93537 |
||
| 650 |
_aSurface acoustic Wave devices _99781 |
||
| 650 |
_aUnderwater Acoustics _99782 |
||
| 700 |
_aTacconi, G., ed _99783 |
||
| 942 | _cBK | ||
| 999 |
_c5633 _d5633 |
||